| 000 | 00970nam a2200253 a 4500 | ||
|---|---|---|---|
| 001 | 000006580 | ||
| 005 | 20251017124518.0 | ||
| 008 | 090901s2001 dr a 000 0 spa d | ||
| 040 |
_aDO-SdBNP _bspa _cBNPHU |
||
| 082 |
_a616.89 _bS211p, 2001 |
||
| 100 | 1 |
_aSánchez Martínez, Fernando, _d1944- _91573 |
|
| 245 | 1 | 0 |
_aPsiquiatría social y comunitaria / _cFernando Sánchez Martínez, Guillermo Barrietos. |
| 260 |
_aSanto Domingo : _bSecretaría de Estado de Salud Pública y Asistencia Social, _c2001. |
||
| 300 |
_a519 p. : _bil. ; _c24 cm. |
||
| 490 | 1 |
_aBiblioteca de Salud Mental _v1 |
|
| 500 | _aIncluye referencias bibliográficas al final de los capítulos | ||
| 504 | _aBibliografía : p. 518-519 | ||
| 590 | _aInventariado, 2018/LP | ||
| 650 | 4 |
_aPsiquiatría social _918240 |
|
| 650 | 0 |
_aSalud mental _9803 |
|
| 700 | 1 |
_aBarrietos, Guillermo _918268 |
|
| 830 | 0 |
_aBiblioteca de Salud Mental ; _n1 _918269 |
|
| 910 | _aValidado. Control de calidad. MMOLINA | ||
| 999 |
_c6371 _d6371 |
||